000 00421nam a22001697a 4500
003 NUST - PNEC
005 20170116181131.0
008 151006b xxu||||| |||| 00| 0 eng d
020 _a-
040 _cLIBRARY
082 _a667.75 GUP
100 _914003
_aGupta, R. S.
245 _aPaint varnish and lacquer technology
_cR. S. Gupta
260 _c-
650 _914007
_aLacquer Technology
_xIME
942 _2ddc
_cBK
999 _c69998
_d69998